Methodological nationalism, the social sciences, and the study of migration: an essay in historical epistemology /

El artículo examina el nacionalismo metodológico como una tendencia conceptual que fue fundamental para el desarrollo de las Ciencias Sociales, socavando los estudios sobre la migración. El nacionalismo metodológico es la naturalización del régimen mundial de los Estados-Nación por las Ciencias Soci...

Descrición completa

Gardado en:
Detalles Bibliográficos
Autor Principal: Wimmer, Andreas
Outros autores: Glick Schiller, Nina
Formato: Texto
Materias:
Etiquetas: Engadir etiqueta
Sen Etiquetas, Sexa o primeiro en etiquetar este rexistro!

MARC

LEADER 00000 a a2200000 04500
001 40125
003
040
100 |a Wimmer, Andreas  
245 |a Methodological nationalism, the social sciences, and the study of migration:   |b an essay in historical epistemology /  |c Andreas Wimmer; Nina Glick Schiller  
520 |a El artículo examina el nacionalismo metodológico como una tendencia conceptual que fue fundamental para el desarrollo de las Ciencias Sociales, socavando los estudios sobre la migración. El nacionalismo metodológico es la naturalización del régimen mundial de los Estados-Nación por las Ciencias Sociales. Los Estudios transnacionales, por su parte, están vinculados a los períodos de intensa globalización tales como el cambio de siglo XXI. No obstante, tienen sus propias contradicciones que pueden reintroducir el nacionalismo metodológico en otros espacios. En el caso del estudio de la migración es necesario evitar los límites del pensamiento nacionalista.  
590 |a DISEMINAR072010/RRA/SETIEMBRE2010  
650 |a ESTUDIOS TRNASNACIONALES  
650 |a CIENCIAS SOCIALES  
650 |a METODOLOGIA  
650 |a NACIONALISMO  
650 |a INVESTIGACION  
650 |a MIGRACION  
700 |a Glick Schiller, Nina  
773 |g páginas 104-117  
999 |c 24210  |d 24210